[Event "FIDE World Cup 2025"]
[Site "Goa, India"]
[Date "2025.11.06"]
[Round "12.25"]
[White "Tari, Aryan"]
[Black "Pranav, V"]
[Result "1/2-1/2"]
[TimeControl ": 90 minutes for the first 40 moves, followed by 30 minutes for the rest of the gamewith an increment of 30 seconds per move starting from move 1"]
[WhiteFideId "1510045"]
[BlackFideId "25060783"]
[WhiteElo "2631"]
[BlackElo "2641"]

1. Nf3 {[%clk 00:15:18]} Nf6 {[%clk 00:15:19]} {[%emt 00:00:02]} 2. g3 {[%clk
00:15:27]} {[%emt 00:00:01]} d5 {[%clk 00:15:27]} {[%emt 00:00:02]} 3. Bg2
{[%clk 00:15:36]} {[%emt 00:00:01]} e6 {[%clk 00:15:36]} {[%emt 00:00:02]} 4.
O-O {[%clk 00:15:43]} {[%emt 00:00:02]} Be7 {[%clk 00:15:45]} {[%emt 00:00:01]}
5. c4 {[%clk 00:15:52]} {[%emt 00:00:01]} O-O {[%clk 00:15:53]} {[%emt
00:00:02]} 6. d3 {[%clk 00:16:01]} {[%emt 00:00:01]} a6 {[%clk 00:15:53]}
{[%emt 00:00:10]} 7. b3 {[%clk 00:15:25]} {[%emt 00:00:45]} b5 {[%clk
00:15:55]} {[%emt 00:00:08]} 8. cxd5 {[%clk 00:14:30]} {[%emt 00:01:05]} Nxd5
{[%clk 00:15:38]} {[%emt 00:00:28]} 9. Bb2 {[%clk 00:14:37]} {[%emt 00:00:03]}
Bb7 {[%clk 00:15:08]} {[%emt 00:00:39]} 10. d4 {[%clk 00:12:15]} {[%emt
00:02:32]} Nd7 {[%clk 00:14:57]} {[%emt 00:00:21]} 11. Nbd2 {[%clk 00:10:45]}
{[%emt 00:01:40]} c5 {[%clk 00:14:36]} {[%emt 00:00:31]} 12. e4 {[%clk
00:10:49]} {[%emt 00:00:06]} N5f6 {[%clk 00:14:39]} {[%emt 00:00:06]} 13. Qe2
{[%clk 00:09:06]} {[%emt 00:01:54]} Rc8 {[%clk 00:13:34]} {[%emt 00:01:15]} 14.
e5 {[%clk 00:07:26]} {[%emt 00:01:50]} Nd5 {[%clk 00:13:42]} {[%emt 00:00:01]}
15. Ne4 {[%clk 00:07:36]} c4 {[%clk 00:13:30]} {[%emt 00:00:22]} 16. bxc4
{[%clk 00:07:38]} {[%emt 00:00:08]} bxc4 {[%clk 00:12:37]} {[%emt 00:01:03]} 17.
Rfc1 {[%clk 00:07:40]} {[%emt 00:00:08]} N7b6 {[%clk 00:12:39]} {[%emt
00:00:09]} 18. Nc5 {[%clk 00:07:20]} {[%emt 00:00:30]} Bc6 {[%clk 00:11:48]}
{[%emt 00:01:00]} 19. Ba3 {[%clk 00:06:51]} {[%emt 00:00:39]} c3 {[%clk
00:11:46]} {[%emt 00:00:12]} 20. Rab1 {[%clk 00:05:40]} {[%emt 00:01:20]} Bb5
{[%clk 00:11:54]} {[%emt 00:00:02]} 21. Qe4 {[%clk 00:05:33]} {[%emt 00:00:17]}
Nc4 {[%clk 00:11:55]} {[%emt 00:00:09]} 22. Nb7 {[%clk 00:05:42]} Qc7 {[%clk
00:07:49]} {[%emt 00:04:16]} 23. Bxe7 {[%clk 00:05:43]} {[%emt 00:00:08]} Qxe7
{[%clk 00:07:58]} {[%emt 00:00:02]} 24. Nc5 {[%clk 00:05:47]} {[%emt 00:00:06]}
Ncb6 {[%clk 00:07:44]} {[%emt 00:00:23]} 25. Bf1 {[%clk 00:05:27]} {[%emt
00:00:30]} Bxf1 {[%clk 00:07:46]} {[%emt 00:00:08]} 26. Kxf1 {[%clk 00:05:33]}
{[%emt 00:00:04]} h6 {[%clk 00:07:00]} {[%emt 00:00:56]} 27. Ne1 {[%clk
00:05:38]} {[%emt 00:00:05]} Nc4 {[%clk 00:07:06]} {[%emt 00:00:05]} 28. Nf3
{[%clk 00:05:47]} {[%emt 00:00:01]} Ncb6 {[%clk 00:07:00]} {[%emt 00:00:16]} 29.
Qe2 {[%clk 00:05:26]} {[%emt 00:00:30]} Rfd8 {[%clk 00:06:24]} {[%emt
00:00:46]} 30. Qxa6 {[%clk 00:04:35]} {[%emt 00:01:01]} Ra8 {[%clk 00:06:33]}
31. Qe2 {[%clk 00:04:43]} Ra7 {[%clk 00:05:50]} {[%emt 00:00:54]} 32. Ne4
{[%clk 00:04:42]} {[%emt 00:00:11]} Rda8 {[%clk 00:05:19]} {[%emt 00:00:42]} 33.
Nxc3 {[%clk 00:04:36]} {[%emt 00:00:16]} Nxc3 {[%clk 00:05:27]} {[%emt
00:00:01]} 34. Rxc3 {[%clk 00:04:45]} Rxa2 {[%clk 00:05:36]} {[%emt 00:00:01]}
35. Rc2 {[%clk 00:04:46]} {[%emt 00:00:09]} Rxc2 {[%clk 00:05:28]} {[%emt
00:00:18]} 36. Qxc2 {[%clk 00:04:55]} Nd5 {[%clk 00:05:37]} 37. h4 {[%clk
00:04:40]} {[%emt 00:00:25]} Qa3 {[%clk 00:05:38]} {[%emt 00:00:09]} 38. Kg2
{[%clk 00:04:39]} {[%emt 00:00:11]} Qc3 {[%clk 00:05:23]} {[%emt 00:00:25]} 39.
Qe4 {[%clk 00:04:25]} {[%emt 00:00:24]} Qc8 {[%clk 00:05:15]} {[%emt 00:00:17]}
40. Rb2 {[%clk 00:04:16]} {[%emt 00:00:20]} Ra1 {[%clk 00:05:21]} {[%emt
00:00:04]} 41. h5 {[%clk 00:04:05]} {[%emt 00:00:20]} Ne7 {[%clk 00:04:48]}
{[%emt 00:00:43]} 42. g4 {[%clk 00:03:26]} {[%emt 00:00:50]} g5 {[%clk
00:04:08]} {[%emt 00:00:50]} 43. hxg6 {[%clk 00:03:00]} {[%emt 00:00:36]} Nxg6
{[%clk 00:04:17]} {[%emt 00:00:01]} 44. Rc2 {[%clk 00:02:46]} {[%emt 00:00:24]}
Qa6 {[%clk 00:04:10]} {[%emt 00:00:16]} 45. Kg3 {[%clk 00:02:30]} {[%emt
00:00:26]} Qf1 {[%clk 00:03:32]} {[%emt 00:00:48]} 46. Re2 {[%emt 00:01:23]}
Ra3 {[%clk 00:03:41]} 47. Re1 {[%clk 00:01:00]} {[%emt 00:00:28]} Qc4 {[%clk
00:03:30]} {[%emt 00:00:20]} 48. Re3 {[%clk 00:01:03]} {[%emt 00:00:07]} Ra2
{[%clk 00:03:38]} {[%emt 00:00:02]} 49. Qb1 {[%clk 00:00:41]} {[%emt 00:00:32]}
Kg7 {[%clk 00:03:09]} {[%emt 00:00:39]} 50. Rc3 {[%clk 00:00:32]} {[%emt
00:00:19]} Qxc3 {[%clk 00:02:22]} {[%emt 00:00:57]} 51. Qxa2 {[%clk 00:00:41]}
Nh4 {[%clk 00:02:31]} 52. Kxh4 {[%clk 00:00:40]} {[%emt 00:00:11]} Qxf3 {[%clk
00:02:39]} {[%emt 00:00:01]} 53. Qd2 {[%clk 00:00:42]} {[%emt 00:00:09]} Qg2
{[%clk 00:02:47]} {[%emt 00:00:02]} 54. Qf4 {[%clk 00:00:42]} {[%emt 00:00:10]}
Qh1+ {[%clk 00:02:56]} 55. Kg3 {[%clk 00:00:51]} {[%emt 00:00:02]} Qg1+ {[%clk
00:03:04]} {[%emt 00:00:02]} 56. Kf3 {[%clk 00:00:56]} {[%emt 00:00:05]} Qh1+
{[%clk 00:03:01]} {[%emt 00:00:14]} 57. Ke2 {[%clk 00:01:04]} {[%emt 00:00:01]}
Qg2 {[%clk 00:02:52]} {[%emt 00:00:17]} 58. Qf3 {[%clk 00:01:01]} {[%emt
00:00:15]} Qg1 {[%clk 00:03:00]} {[%emt 00:00:02]} 59. Qe4 {[%clk 00:00:53]}
{[%emt 00:00:18]} Qa1 {[%clk 00:03:01]} {[%emt 00:00:08]} 60. Qf4 {[%clk
00:00:49]} {[%emt 00:00:14]} Qg1 {[%clk 00:03:02]} {[%emt 00:00:08]} 61. Kd2
{[%clk 00:00:58]} {[%emt 00:00:02]} Kg8 {[%clk 00:02:57]} {[%emt 00:00:14]} 62.
Qf3 {[%clk 00:00:55]} {[%emt 00:00:13]} Qa1 {[%clk 00:03:05]} {[%emt 00:00:02]}
63. Qe4 {[%clk 00:00:56]} {[%emt 00:00:09]} Qf1 {[%clk 00:03:09]} {[%emt
00:00:06]} 64. Qe2 {[%clk 00:00:54]} {[%emt 00:00:13]} Qg1 {[%clk 00:02:59]}
{[%emt 00:00:21]} 65. Ke3 {[%clk 00:00:41]} {[%emt 00:00:23]} Qc1+ {[%clk
00:03:02]} {[%emt 00:00:07]} 66. Ke4 {[%clk 00:00:38]} {[%emt 00:00:13]} Qh1+
{[%clk 00:03:06]} {[%emt 00:00:05]} 67. f3 {[%clk 00:00:44]} {[%emt 00:00:05]}
Qc1 {[%clk 00:03:10]} {[%emt 00:00:05]} 68. Kd3 {[%clk 00:00:31]} {[%emt
00:00:23]} Qb1+ {[%clk 00:03:15]} {[%emt 00:00:05]} 69. Qc2 {[%clk 00:00:21]}
{[%emt 00:00:20]} Qf1+ {[%clk 00:03:09]} {[%emt 00:00:15]} 70. Ke3 {[%clk
00:00:30]} {[%emt 00:00:02]} Qg1+ {[%clk 00:03:07]} {[%emt 00:00:12]} 71. Ke4
{[%clk 00:00:40]} Kg7 {[%clk 00:03:04]} {[%emt 00:00:13]} 72. Qd2 {[%clk
00:00:42]} {[%emt 00:00:08]} Qb1+ {[%clk 00:03:10]} {[%emt 00:00:04]} 73. Kf4
{[%clk 00:00:50]} {[%emt 00:00:01]} Qf1 {[%clk 00:03:00]} {[%emt 00:00:19]} 74.
Qe3 {[%clk 00:00:33]} {[%emt 00:00:27]} Qg2 {[%clk 00:03:08]} {[%emt 00:00:02]}
75. Qe1 {[%clk 00:00:32]} {[%emt 00:00:11]} Qh2+ {[%clk 00:03:11]} {[%emt
00:00:07]} 76. Ke3 {[%clk 00:00:41]} Qg2 {[%clk 00:02:44]} {[%emt 00:00:37]} 77.
Qd1 {[%clk 00:00:31]} {[%emt 00:00:20]} Qh2 {[%clk 00:02:48]} {[%emt 00:00:05]}
78. Ke4 {[%clk 00:00:41]} {[%emt 00:00:01]} Qa2 {[%clk 00:02:53]} {[%emt
00:00:06]} 79. Ke3 {[%clk 00:00:35]} {[%emt 00:00:16]} Qh2 {[%clk 00:02:55]}
{[%emt 00:00:07]} 80. Qa1 {[%clk 00:00:39]} {[%emt 00:00:07]} Qc2 {[%clk
00:02:57]} {[%emt 00:00:08]} 81. Qg1 {[%clk 00:00:32]} {[%emt 00:00:17]} Qc3+
{[%clk 00:02:39]} {[%emt 00:00:28]} 82. Kf4 {[%clk 00:00:41]} Qd2+ {[%clk
00:02:47]} {[%emt 00:00:03]} 83. Kg3 {[%clk 00:00:50]} {[%emt 00:00:01]} Qd3
{[%clk 00:02:05]} {[%emt 00:00:52]} 84. Qf2 {[%clk 00:00:53]} {[%emt 00:00:07]}
Kg6 {[%clk 00:02:12]} {[%emt 00:00:03]} 85. Kh4 {[%clk 00:00:52]} {[%emt
00:00:10]} Qd1 {[%clk 00:02:01]} {[%emt 00:00:22]} 86. f4 {[%clk 00:00:58]}
{[%emt 00:00:04]} Qd3 {[%clk 00:01:43]} {[%emt 00:00:28]} 87. Qg1 {[%clk
00:00:19]} {[%emt 00:00:49]} Qf3 {[%clk 00:01:43]} {[%emt 00:00:09]} 88. Qh2
{[%clk 00:00:18]} {[%emt 00:00:11]} h5 {[%clk 00:01:16]} {[%emt 00:00:37]} 89.
gxh5+ {[%clk 00:00:12]} {[%emt 00:00:16]} Qxh5+ {[%clk 00:01:24]} {[%emt
00:00:02]} 90. Kg3 {[%clk 00:00:22]} Qxh2+ {[%clk 00:01:21]} {[%emt 00:00:13]}
91. Kxh2 {[%clk 00:00:31]} {[%emt 00:00:01]} Kf5 {[%clk 00:01:30]} {[%emt
00:00:01]} 92. Kg3 {[%clk 00:00:40]} Ke4 {[%clk 00:01:40]} 93. Kg4 {[%clk
00:00:47]} {[%emt 00:00:03]} Kxd4 {[%clk 00:01:46]} {[%emt 00:00:04]} 94. Kf3
{[%clk 00:00:44]} {[%emt 00:00:12]} Kd3 {[%clk 00:01:49]} {[%emt 00:00:07]} 95.
f5 {[%clk 00:00:45]} {[%emt 00:00:09]} Kd4 {[%clk 00:01:52]} {[%emt 00:00:07]}
96. Kf4 {[%clk 00:00:36]} {[%emt 00:00:18]} Kd5 {[%clk 00:01:59]} {[%emt
00:00:04]} 97. fxe6 {[%clk 00:00:41]} {[%emt 00:00:05]} fxe6 {[%clk 00:02:08]}
98. Kf3 {[%clk 00:00:51]} Kxe5 {[%clk 00:02:16]} {[%emt 00:00:02]} 99. Ke4+
{[%emt 00:00:03]} 1/2-1/2

[Event "FIDE World Cup 2025"]
[Site "Goa, India"]
[Date "2025.11.06"]
[Round "18.1"]
[White "Svane, Rasmus"]
[Black "Mamedov, Rauf"]
[Result "1-0"]
[TimeControl ": 90 minutes for the first 40 moves, followed by 30 minutes for the rest of the gamewith an increment of 30 seconds per move starting from move 1"]
[WhiteFideId "4657101"]
[BlackFideId "13401653"]
[WhiteElo "2614"]
[BlackElo "2655"]

1. d4 {[%clk 00:03:03]} Nf6 {[%clk 00:03:03]} {[%emt 00:00:02]} 2. Nf3 {[%clk
00:03:04]} d5 {[%clk 00:03:05]} {[%emt 00:00:01]} 3. c4 {[%clk 00:03:05]}
{[%emt 00:00:01]} e6 {[%clk 00:03:06]} 4. g3 {[%clk 00:03:06]} {[%emt
00:00:01]} c5 {[%clk 00:03:08]} 5. cxd5 {[%clk 00:03:06]} {[%emt 00:00:02]}
exd5 {[%clk 00:03:09]} 6. Bg2 {[%clk 00:03:07]} Nc6 {[%clk 00:03:10]} {[%emt
00:00:01]} 7. O-O {[%clk 00:03:08]} {[%emt 00:00:02]} Be7 {[%clk 00:03:11]}
{[%emt 00:00:01]} 8. Nc3 {[%clk 00:03:06]} {[%emt 00:00:04]} O-O {[%clk
00:03:11]} {[%emt 00:00:02]} 9. Bg5 {[%clk 00:03:01]} {[%emt 00:00:06]} c4
{[%clk 00:03:12]} {[%emt 00:00:02]} 10. Rc1 {[%clk 00:03:01]} Be6 {[%clk
00:03:05]} {[%emt 00:00:09]} 11. b3 {[%clk 00:03:02]} {[%emt 00:00:02]} cxb3
{[%clk 00:03:00]} {[%emt 00:00:06]} 12. Qxb3 {[%clk 00:03:03]} {[%emt
00:00:02]} Na5 {[%clk 00:02:48]} {[%emt 00:00:14]} 13. Qb1 {[%clk 00:03:04]} h6
{[%clk 00:02:43]} {[%emt 00:00:07]} 14. Bxf6 {[%clk 00:03:01]} {[%emt
00:00:05]} Bxf6 {[%clk 00:02:44]} 15. e3 {[%clk 00:03:01]} {[%emt 00:00:02]}
Rc8 {[%clk 00:02:17]} {[%emt 00:00:30]} 16. Nd2 {[%clk 00:02:53]} {[%emt
00:00:09]} Rc6 {[%clk 00:01:50]} {[%emt 00:00:29]} 17. Rfd1 {[%clk 00:02:15]}
{[%emt 00:00:40]} Be7 {[%clk 00:01:24]} {[%emt 00:00:28]} 18. Ne2 {[%clk
00:01:29]} {[%emt 00:00:47]} Ba3 {[%clk 00:00:57]} {[%emt 00:00:30]} 19. Rxc6
{[%clk 00:01:25]} {[%emt 00:00:06]} bxc6 {[%clk 00:00:58]} 20. Nf4 {[%clk
00:01:23]} {[%emt 00:00:04]} Bg4 {[%clk 00:00:51]} {[%emt 00:00:08]} 21. Bf3
{[%clk 00:01:25]} Bd7 {[%clk 00:00:52]} {[%emt 00:00:02]} 22. Qd3 {[%clk
00:01:23]} {[%emt 00:00:03]} Bd6 {[%clk 00:00:52]} {[%emt 00:00:02]} 23. Ne2
{[%clk 00:01:20]} {[%emt 00:00:06]} Bb4 {[%clk 00:00:49]} {[%emt 00:00:04]} 24.
Rb1 {[%clk 00:01:18]} {[%emt 00:00:04]} Qe7 {[%clk 00:00:46]} {[%emt 00:00:05]}
25. Qc2 {[%clk 00:01:09]} {[%emt 00:00:11]} g6 {[%clk 00:00:32]} {[%emt
00:00:15]} 26. Nf4 {[%clk 00:00:54]} {[%emt 00:00:17]} Bxd2 {[%clk 00:00:19]}
{[%emt 00:00:16]} 27. Qxd2 {[%clk 00:00:55]} {[%emt 00:00:01]} Nc4 {[%clk
00:00:20]} 28. Qc3 {[%clk 00:00:53]} {[%emt 00:00:03]} Bf5 {[%clk 00:00:21]}
{[%emt 00:00:02]} 29. Rb3 {[%clk 00:00:50]} {[%emt 00:00:06]} Be4 {[%clk
00:00:20]} {[%emt 00:00:03]} 30. Bxe4 {[%clk 00:00:47]} {[%emt 00:00:04]} Qxe4
{[%clk 00:00:21]} {[%emt 00:00:01]} 31. Qd3 {[%clk 00:00:46]} {[%emt 00:00:03]}
Qe7 {[%clk 00:00:17]} {[%emt 00:00:08]} 32. Qc2 {[%clk 00:00:40]} {[%emt
00:00:06]} a5 {[%clk 00:00:13]} {[%emt 00:00:07]} 33. h4 {[%clk 00:00:38]}
{[%emt 00:00:04]} h5 {[%clk 00:00:14]} {[%emt 00:00:01]} 34. Nd3 {[%clk
00:00:32]} {[%emt 00:00:08]} Qe4 {[%clk 00:00:14]} 35. Ne1 {[%clk 00:00:30]}
{[%emt 00:00:03]} Qe6 {[%clk 00:00:14]} {[%emt 00:00:02]} 36. Kg2 {[%clk
00:00:24]} {[%emt 00:00:10]} a4 {[%clk 00:00:15]} 37. Rb7 {[%clk 00:00:23]}
{[%emt 00:00:02]} a3 {[%clk 00:00:15]} {[%emt 00:00:03]} 38. Rb3 {[%clk
00:00:23]} Re8 {[%clk 00:00:13]} {[%emt 00:00:05]} 39. Nf3 {[%clk 00:00:24]}
Qf6 {[%clk 00:00:11]} {[%emt 00:00:04]} 40. Nd2 {[%clk 00:00:22]} {[%emt
00:00:04]} Nxd2 {[%clk 00:00:06]} {[%emt 00:00:07]} 41. Qxd2 {[%clk 00:00:23]}
{[%emt 00:00:01]} Ra8 {[%clk 00:00:07]} {[%emt 00:00:01]} 42. Qc1 {[%clk
00:00:10]} {[%emt 00:00:15]} Qe7 {[%clk 00:00:07]} {[%emt 00:00:02]} 43. Qxc6
{[%clk 00:00:09]} {[%emt 00:00:03]} Qe4+ {[%clk 00:00:09]} 44. f3 {[%clk
00:00:07]} {[%emt 00:00:04]} Qe8 {[%clk 00:00:04]} {[%emt 00:00:07]} 45. Qxe8+
{[%clk 00:00:08]} Rxe8 {[%clk 00:00:05]} 46. Rxa3 {[%clk 00:00:09]} {[%emt
00:00:01]} Rc8 {[%clk 00:00:06]} {[%emt 00:00:01]} 47. g4 {[%clk 00:00:05]}
{[%emt 00:00:06]} Rc2+ {[%clk 00:00:04]} {[%emt 00:00:05]} 48. Kg3 {[%clk
00:00:06]} hxg4 {[%clk 00:00:05]} {[%emt 00:00:01]} 49. fxg4 {[%clk 00:00:07]}
Kg7 {[%clk 00:00:06]} {[%emt 00:00:01]} 50. Ra5 {[%clk 00:00:07]} {[%emt
00:00:02]} Kf6 {[%clk 00:00:07]} {[%emt 00:00:02]} 51. Rxd5 {[%clk 00:00:06]}
{[%emt 00:00:02]} Rxa2 {[%clk 00:00:08]} 52. h5 {[%clk 00:00:07]} gxh5 {[%clk
00:00:09]} {[%emt 00:00:01]} 53. Rxh5 {[%clk 00:00:08]} Kg6 {[%clk 00:00:10]}
{[%emt 00:00:02]} 54. Rf5 {[%clk 00:00:09]} Ra1 {[%clk 00:00:11]} {[%emt
00:00:01]} 55. Rc5 {[%clk 00:00:09]} {[%emt 00:00:02]} Re1 {[%clk 00:00:12]} 56.
Kf2 {[%clk 00:00:10]} {[%emt 00:00:01]} Ra1 {[%clk 00:00:13]} 57. Rf5 {[%clk
00:00:10]} {[%emt 00:00:02]} Ra2+ {[%clk 00:00:14]} {[%emt 00:00:01]} 58. Kf3
{[%emt 00:00:02]} Rd2 {[%clk 00:00:15]} 59. d5 {[%clk 00:00:11]} {[%emt
00:00:02]} f6 {[%clk 00:00:17]} 60. e4 {[%clk 00:00:11]} {[%emt 00:00:01]} Rd1
{[%clk 00:00:13]} {[%emt 00:00:05]} 61. Ke2 {[%clk 00:00:10]} {[%emt 00:00:04]}
Rg1 {[%clk 00:00:14]} 62. d6 {[%clk 00:00:10]} {[%emt 00:00:02]} Rxg4 {[%clk
00:00:15]} {[%emt 00:00:01]} 63. Kf3 {[%clk 00:00:06]} {[%emt 00:00:06]} Rh4
{[%clk 00:00:14]} {[%emt 00:00:03]} 64. Rd5 {[%clk 00:00:04]} {[%emt 00:00:03]}
Rh8 {[%clk 00:00:16]} {[%emt 00:00:01]} 65. Kf4 {[%clk 00:00:05]} {[%emt
00:00:01]} Kf7 {[%clk 00:00:16]} {[%emt 00:00:02]} 66. d7 {[%clk 00:00:06]}
{[%emt 00:00:01]} Ke7 {[%clk 00:00:17]} {[%emt 00:00:01]} 67. Rd3 {[%clk
00:00:04]} {[%emt 00:00:04]} Rg8 {[%clk 00:00:14]} {[%emt 00:00:05]} 68. Rd2
{[%clk 00:00:04]} {[%emt 00:00:02]} Rh8 {[%clk 00:00:14]} {[%emt 00:00:02]} 69.
Kf5 {[%clk 00:00:05]} Rd8 {[%clk 00:00:10]} {[%emt 00:00:06]} 70. Rd1 {[%clk
00:00:05]} {[%emt 00:00:02]} Kf7 {[%clk 00:00:10]} {[%emt 00:00:02]} 71. Rd6
{[%clk 00:00:06]} {[%emt 00:00:01]} Ke7 {[%emt 00:00:03]} 72. Rd4 {[%clk
00:00:05]} Kf7 {[%clk 00:00:13]} {[%emt 00:00:01]} 73. Rd1 {[%clk 00:00:06]}
Ke7 {[%clk 00:00:14]} {[%emt 00:00:01]} 74. Rd2 {[%clk 00:00:08]} Kf7 {[%clk
00:00:16]} {[%emt 00:00:01]} 75. Rh2 {[%clk 00:00:09]} {[%emt 00:00:01]} Ke7
{[%clk 00:00:10]} {[%emt 00:00:07]} 76. Rh7+ {[%clk 00:00:09]} Kd6 {[%clk
00:00:12]} {[%emt 00:00:01]} 77. Kxf6 {[%clk 00:00:10]} {[%emt 00:00:01]} Rf8
{[%clk 00:00:13]} 78. Rf7 {[%clk 00:00:11]} Rh8 {[%clk 00:00:13]} {[%emt
00:00:03]} 79. e5+ {[%clk 00:00:12]} {[%emt 00:00:02]} Kc7 {[%clk 00:00:14]} 80.
Ke7 {[%clk 00:00:12]} {[%emt 00:00:01]} 1-0

[Event "FIDE World Cup 2025"]
[Site "Goa, India"]
[Date "2025.11.06"]
[Round "18.2"]
[White "Adams, Michael"]
[Black "Cheparinov, Ivan"]
[Result "1-0"]
[TimeControl ": 90 minutes for the first 40 moves, followed by 30 minutes for the rest of the gamewith an increment of 30 seconds per move starting from move 1"]
[WhiteFideId "400041"]
[BlackFideId "2905540"]
[WhiteElo "2646"]
[BlackElo "2626"]

1. e4 {[%clk 00:03:03]} d6 {[%clk 00:03:03]} {[%emt 00:00:01]} 2. d4 {[%clk
00:03:04]} {[%emt 00:00:01]} c6 {[%clk 00:03:03]} {[%emt 00:00:02]} 3. Nc3
{[%clk 00:03:04]} {[%emt 00:00:02]} Qc7 {[%clk 00:03:04]} {[%emt 00:00:02]} 4.
Nf3 {[%clk 00:03:04]} {[%emt 00:00:02]} Bg4 {[%clk 00:03:01]} {[%emt 00:00:04]}
5. h3 {[%clk 00:03:05]} {[%emt 00:00:02]} Bh5 {[%clk 00:03:02]} {[%emt
00:00:01]} 6. Be2 {[%clk 00:03:06]} Nd7 {[%clk 00:02:57]} {[%emt 00:00:08]} 7.
Be3 {[%clk 00:03:05]} {[%emt 00:00:02]} Ngf6 {[%clk 00:02:54]} {[%emt
00:00:06]} 8. a4 {[%clk 00:03:04]} {[%emt 00:00:03]} e5 {[%clk 00:02:48]}
{[%emt 00:00:07]} 9. Nd2 {[%clk 00:02:53]} {[%emt 00:00:13]} Bg6 {[%clk
00:02:33]} {[%emt 00:00:17]} 10. O-O {[%clk 00:02:53]} {[%emt 00:00:03]} Be7
{[%clk 00:02:34]} 11. a5 {[%clk 00:02:52]} {[%emt 00:00:03]} O-O {[%clk
00:02:35]} {[%emt 00:00:02]} 12. d5 {[%clk 00:02:44]} {[%emt 00:00:10]} cxd5
{[%clk 00:02:32]} {[%emt 00:00:05]} 13. exd5 {[%clk 00:02:44]} {[%emt
00:00:02]} a6 {[%clk 00:02:32]} {[%emt 00:00:02]} 14. Nc4 {[%clk 00:02:44]}
{[%emt 00:00:02]} Rac8 {[%clk 00:02:17]} {[%emt 00:00:17]} 15. Ra3 {[%clk
00:02:32]} {[%emt 00:00:14]} Nc5 {[%clk 00:02:02]} {[%emt 00:00:16]} 16. Nb6
{[%clk 00:02:31]} {[%emt 00:00:03]} Rcd8 {[%clk 00:01:58]} {[%emt 00:00:07]} 17.
Re1 {[%clk 00:02:18]} {[%emt 00:00:14]} Nce4 {[%clk 00:01:51]} {[%emt
00:00:10]} 18. Nxe4 {[%clk 00:02:18]} {[%emt 00:00:02]} Nxe4 {[%clk 00:01:52]}
19. f3 {[%clk 00:02:13]} {[%emt 00:00:06]} Ng3 {[%clk 00:01:50]} {[%emt
00:00:04]} 20. Bd3 {[%clk 00:02:13]} {[%emt 00:00:02]} f5 {[%clk 00:01:49]}
{[%emt 00:00:03]} 21. Rc3 {[%clk 00:02:09]} {[%emt 00:00:06]} Qb8 {[%clk
00:01:51]} 22. Bf2 {[%clk 00:02:08]} {[%emt 00:00:02]} Nh5 {[%clk 00:01:48]}
{[%emt 00:00:05]} 23. Bf1 {[%clk 00:02:05]} {[%emt 00:00:06]} Bf6 {[%clk
00:01:43]} {[%emt 00:00:07]} 24. Rc4 {[%clk 00:02:05]} {[%emt 00:00:02]} e4
{[%clk 00:01:32]} {[%emt 00:00:12]} 25. fxe4 {[%clk 00:01:58]} {[%emt
00:00:10]} fxe4 {[%clk 00:01:34]} 26. Be2 {[%emt 00:00:15]} Nf4 {[%clk
00:01:33]} 27. Bg4 {[%clk 00:01:49]} Bxb2 {[%clk 00:00:45]} {[%emt 00:00:50]}
28. Nd7 {[%clk 00:01:45]} {[%emt 00:00:06]} Rxd7 {[%clk 00:00:46]} 29. Bxd7
{[%clk 00:01:46]} Qd8 {[%clk 00:00:42]} {[%emt 00:00:06]} 30. Be6+ {[%clk
00:01:47]} {[%emt 00:00:01]} Nxe6 {[%clk 00:00:35]} {[%emt 00:00:10]} 31. dxe6
{[%clk 00:01:47]} {[%emt 00:00:02]} Qf6 {[%clk 00:00:36]} 32. Bd4 {[%clk
00:01:40]} {[%emt 00:00:09]} Qxe6 {[%clk 00:00:37]} 33. Rc7 {[%clk 00:01:40]}
{[%emt 00:00:03]} Bxd4+ {[%clk 00:00:35]} {[%emt 00:00:04]} 34. Qxd4 {[%clk
00:01:41]} {[%emt 00:00:02]} Rf6 {[%clk 00:00:22]} {[%emt 00:00:14]} 35. Rxb7
{[%clk 00:01:34]} {[%emt 00:00:10]} h5 {[%clk 00:00:22]} {[%emt 00:00:02]} 36.
Rb6 {[%clk 00:01:31]} {[%emt 00:00:05]} Kh7 {[%clk 00:00:16]} {[%emt 00:00:08]}
37. Rxa6 {[%clk 00:01:31]} {[%emt 00:00:02]} Qe7 {[%clk 00:00:08]} {[%emt
00:00:10]} 38. Rb6 {[%clk 00:01:30]} {[%emt 00:00:03]} Qc7 {[%clk 00:00:09]}
{[%emt 00:00:01]} 39. c4 {[%clk 00:01:26]} {[%emt 00:00:06]} Rf5 {[%clk
00:00:06]} {[%emt 00:00:05]} 40. a6 {[%clk 00:01:26]} {[%emt 00:00:02]} Ra5
{[%clk 00:00:05]} {[%emt 00:00:03]} 41. Rb7 {[%clk 00:01:26]} {[%emt 00:00:02]}
1-0

[ePGN "0.1;DGT LiveChess/2.2.6"]